000 00381nam a2200133 a 4500
005 20141022142001.0
008 100916s19uu xx 00 eng d
050 _aDVD
_bN11 2004
245 _aThe Nazis a warning from History: the road to Treblinka :
_bFighting to the end.
260 _bBBC,
_c2004.
650 _aDVD
650 _aHistory-fiction; motion picture
942 _cAVM
999 _c276280
_d276280